I Know Him Hamilton (All Lyrics) - Statistics

General Stats
  • This quiz has been taken 103 times
  • The average score is 87 of 117
Answer Stats
Lyrics % Correct
him,
100%
him
100%
I
100%
know
100%
a
98%
who
98%
me
97%
that
97%
That
97%
to
97%
be
95%
was
95%
can't
93%
little
93%
what
92%
Adams
90%
John
90%
All
88%
all
88%
guy
88%
They
88%
they
88%
it,
85%
next?
85%
Next
85%
spoke
83%
Washington
83%
ago,
81%
going
81%
man
81%
years
81%
empires
80%
fall
80%
look
80%
Oceans
80%
rise
80%
small
80%
those
80%
alive
78%
do
78%
eat
78%
poor
78%
they're
78%
85
76%
Good
75%
luck
75%
say
75%
so,
75%
who's
75%
will
75%
in
73%
That's
73%
this
73%
and
71%
could
69%
fun
69%
George
69%
Is
69%
something
69%
person
68%
aware
66%
Washington's
66%
wasn't
66%
away
64%
true
64%
Christ
63%
Jesus
63%
power
63%
stepping
63%
each
61%
other
61%
his
59%
If
59%
I'm
59%
on
59%
alone
58%
tear
58%
Are
56%
President
56%
yielding
56%
perplexed
54%
into
53%
keep
53%
pieces
51%
as
46%
There's
46%
charge?
44%
nobody
44%
quite
44%
their
44%
country
42%
else
42%
large
42%
replacing
42%
them
42%
whoever's
42%
run
41%
watch
37%
looms
32%
No matching quizzes found
Score Distribution
Percent of People with Each Score
Percentile by Number Answered
Your Score History
You have not taken this quiz